| 000 | 00393nam a2200133Ia 4500 | ||
|---|---|---|---|
| 008 | 151015s9999 xx 000 0 und d | ||
| 020 | _a9.7807369171e+012 | ||
| 050 | _aBV 4529 .F38 2006 | ||
| 245 | _aFarrel Bill | ||
| 250 | _a_The 10 Best Decisions Every Parent Can Make / Bill Farrel | ||
| 300 | _aU S A Harvest House 2006 | ||
| 650 | _a_Parenting | ||
| 700 | _a^d20110308 04:55:18^okorir | ||
| 999 |
_c1488 _d1488 |
||